00437nam a2200169Ia 4500003000400000005001700004008004100021020001500062040000700077041000800084082001700092100002200109245006800131260004000199300001500239365001300254OSt20230403155452.0210423s2008 xx 000 0 und d a8130904683 cAL aeng a809.935 BLOH aBLOOM (Harold),Ed aViva modern critical interpretations T S Eliots the waste land. aNew DelhibViva Books Pvt Ltdc2008 avi,272bPB b175cINR